Swimming lessons : (Record no. 9114)
[ view plain ]
| 000 -LEADER | |
|---|---|
| fixed length control field | 01624nam a22002657a 4500 |
| 001 - CONTROL NUMBER | |
| control field | 9114 |
| 003 - CONTROL NUMBER IDENTIFIER | |
| control field | FISKH |
| 005 - DATE AND TIME OF LATEST TRANSACTION | |
| control field | 20251125101042.0 |
| 008 - FIXED-LENGTH DATA ELEMENTS--GENERAL INFORMATION | |
| fixed length control field | 251121b cb ||||| |||| 00| 0 eng d |
| 020 ## - INTERNATIONAL STANDARD BOOK NUMBER | |
| International Standard Book Number | 9780740760815 |
| 040 ## - CATALOGING SOURCE | |
| Original cataloging agency | FISKH |
| Language of cataloging | eng |
| Transcribing agency | FISKH |
| Modifying agency | FISKH |
| 050 ## - LIBRARY OF CONGRESS CALL NUMBER | |
| Classification number | TR729.W54 W95 |
| 082 ## - DEWEY DECIMAL CLASSIFICATION NUMBER | |
| Classification number | 599.7975 |
| 100 ## - MAIN ENTRY--PERSONAL NAME | |
| Personal name | Creech, Steve |
| Relator term | Author |
| 245 ## - TITLE STATEMENT | |
| Title | Swimming lessons : |
| Remainder of title | Nature's mothers-sea lions / |
| Statement of responsibility, etc. | Fine-art nature photography by Wyland ; Written by Steve Creech |
| 260 ## - PUBLICATION, DISTRIBUTION, ETC. | |
| Place of publication, distribution, etc. | Kansas : |
| Name of publisher, distributor, etc. | Wyland Worldwide , |
| Date of publication, distribution, etc. | 2007 |
| 300 ## - PHYSICAL DESCRIPTION | |
| Extent | 72 pages : |
| Other physical details | color illustrations ; |
| Dimensions | 21 cm |
| 505 ## - FORMATTED CONTENTS NOTE | |
| Formatted contents note | L<br/> |
| 520 ## - SUMMARY, ETC. | |
| Summary, etc. | "Wyland is a marine life Michelangelo." --USA Today * Premier marine life artist Wyland--whose galleries are visited by more than five million people each year--offers a photographic tribute to the bond between mother and child. Easily the world's most recognizable and influential marine life artist, Wyland pairs his emotive photography of mother sea lions and their pups with a touching narrative by Steve Creech. * Imparting a warm homage to Mom, Swimming Lessons also provides a greater lesson about the commonalities shared by all momkind. After all, who knew mother sea lions went grocery shopping and gave swimming lessons? * Important numbers: Wyland's mural projects can be found in 70 cities throughout four continents. * There are more than 40 Wyland galleries worldwide. * Notable: Wyland stars in the new Animal Planet show Wyland: A Brush with Giants. |
| 521 8# - TARGET AUDIENCE NOTE | |
| Target audience note | 600<br/> |
| Source | Lexile<br/> |
| 521 8# - TARGET AUDIENCE NOTE | |
| Target audience note | L<br/> |
| Source | Raz-Plus<br/> |
| 650 ## - SUBJECT ADDED ENTRY--TOPICAL TERM | |
| Topical term or geographic name entry element | Nature |
| Form subdivision | Photography |
| 942 ## - ADDED ENTRY ELEMENTS (KOHA) | |
| Source of classification or shelving scheme | Dewey Decimal Classification |
| Koha item type | Books |
| Suppress in OPAC | No |
| Withdrawn status | Lost status | Source of classification or shelving scheme | Damaged status | Not for loan | Collection | Home library | Current library | Shelving location | Date acquired | Total Checkouts | Full call number | Barcode | Date last seen | Copy number | Price effective from | Koha item type |
|---|---|---|---|---|---|---|---|---|---|---|---|---|---|---|---|---|
| Dewey Decimal Classification | Non-Fiction | Footprints International School Library Network Toul Tom Poung Campus | Footprints International School Library Network Toul Tom Poung Campus | TTP Primary Yellow Bookshelves | 11/21/2025 | CRE 599.7975 TR729.W54 W95 | FIS01545 | 11/21/2025 | 1 | 11/21/2025 | Books |
